Zdaňovanie komoditných obchodov

Atraktívnosť investovania do komodít. Odhad nárastu ceny zlata a striebra pre rok 2011. Cena zlata očistená od inflácie za obdobie 1970-2010. Obchodovanie so zlatom. Zdaňovanie obchodov so zlatom.

Gespeichert in:
Bibliographische Detailangaben
1. Verfasser: Kmeťko, Miroslav, 1969-
Weitere Verfasser: Vavrová, Katarína, 1960-
Format: Buchkapitel
Sprache:Slowakisch
Schlagworte:
Tags: Tag hinzufügen
Keine Tags, Fügen Sie das erste Tag hinzu!

MARC

LEADER 00000naa$a2200000$$$4500
001 0145320
005 20240502072619.8
041 0 |a slo 
044 |a SK 
245 1 0 |a Zdaňovanie komoditných obchodov  |c Miroslav Kmeťko, Katarína Vavrová 
520 |a Atraktívnosť investovania do komodít. Odhad nárastu ceny zlata a striebra pre rok 2011. Cena zlata očistená od inflácie za obdobie 1970-2010. Obchodovanie so zlatom. Zdaňovanie obchodov so zlatom. 
610 2 0 |a zdaňovanie 
610 2 0 |a dane 
610 2 0 |a obchod 
610 2 0 |a komodity 
610 2 0 |a kovy drahé 
610 2 0 |a zlato 
610 2 0 |a striebro 
610 2 0 |a investície 
610 2 0 |a legislatíva 
100 1 |a Kmeťko, Miroslav, 1969- 
700 1 |a Vavrová, Katarína, 1960-